[Event "Mondiale Lampo FIDE 2022"]
[Site "Alma Ata"]
[Date "30.12.2022"]
[Round "19.37"]
[White "Yudin, Sergei"]
[Black "Nogerbek, Kazybek"]
[Result "0-1"]
[WhiteTitle ""]
[BlackTitle ""]
[WhiteElo "2469"]
[BlackElo "2468"]
[WhiteFideId "4159659"]
[BlackFideId "13710427"]
[EventDate "29.12.2022"]

1. e4 c5 2. Nf3 Nc6 3. Bb5 e5 4. O-O Bd6 5. c3 Nge7 6. d4 cxd4 7. cxd4 exd4 8.
Nxd4 O-O 9. Nc3 Be5 10. Nde2 f5 11. Bc4+ Kh8 12. exf5 d6 13. f4 Bxc3 14. Nxc3
Bxf5 15. Be3 Qd7 16. Qd2 Be6 17. Bxe6 Qxe6 18. Rad1 Rad8 19. Rfe1 Qg6 20. Qd3
Nf5 21. Nd5 Qf7 22. Bf2 Rfe8 23. g4 Nfe7 24. Nxe7 Rxe7 25. Rxe7 Qxe7 26. Qd5 Nb4
27. Qc4 d5 28. Qb3 d4 29. Bxd4 Nc6 30. Bf2 Rf8 31. f5 Qe4 32. h3 Ne5 33. Qg3
Nf3+ 34. Kg2 Ng5+ 35. Kh2 Qe2 36. Rd7 Ne4 37. Qe3 Qxf2+ 38. Qxf2 Nxf2 39. Rxb7
Nd3 40. b4 a6 41. a3 h6 42. Kg3 Rc8 43. Ra7 Rc3 44. g5 hxg5 45. Kg4 Rxa3 46.
Kxg5 Nxb4 47. f6 gxf6+ 48. Kh4 a5 49. Kg4 Nd5 50. h4 Ra1 51. Kf5 a4 52. Kg6 Rg1+
53. Kh6 Kg8 54. Rxa4 Ne7 55. Kh5 Kf7 56. Ra7 Rg8 57. Rb7 f5 58. Rb4 Nd5 59. Ra4
Nf6+ 0-1

[Event "Mondiale Lampo FIDE 2022"]
[Site "Alma Ata"]
[Date "30.12.2022"]
[Round "19.38"]
[White "Yakubboev, Nodirbek"]
[Black "Lintchevski, Daniil"]
[Result "1-0"]
[WhiteTitle ""]
[BlackTitle ""]
[WhiteElo "2647"]
[BlackElo "2548"]
[WhiteFideId "14203987"]
[BlackFideId "4171055"]
[EventDate "29.12.2022"]

1. c4 c6 2. d4 d5 3. cxd5 cxd5 4. Bf4 Nc6 5. e3 Nf6 6. Bd3 a6 7. h3 g6 8. Nc3
Bg7 9. Nf3 O-O 10. O-O Bf5 11. Bxf5 gxf5 12. Rc1 Ne4 13. Na4 e6 14. Nc5 Qe7 15.
Qb3 Nxc5 16. Rxc5 h6 17. Rfc1 Kh7 18. Qd3 Rg8 19. Kf1 Kh8 20. g4 f6 21. gxf5 e5
22. Nh4 Bf8 23. dxe5 fxe5 24. Bg3 Qf7 25. Ng6+ Kh7 26. Rxd5 Re8 27. Rd7 Be7 28.
Nxe7 e4 29. Qxe4 Rxe7 30. Rxe7 Qxe7 31. Qxe7+ 1-0

[Event "Mondiale Lampo FIDE 2022"]
[Site "Alma Ata"]
[Date "30.12.2022"]
[Round "19.39"]
[White "Quparadze, Giga"]
[Black "Gharibyan, Mamikon"]
[Result "1-0"]
[WhiteTitle ""]
[BlackTitle ""]
[WhiteElo "2470"]
[BlackElo "2480"]
[WhiteFideId "13602250"]
[BlackFideId "13308300"]
[EventDate "29.12.2022"]

1. e4 e5 2. Nf3 Nc6 3. Bb5 a6 4. Ba4 Nf6 5. O-O Bc5 6. Bxc6 dxc6 7. d3 Bd6 8.
Nbd2 Be6 9. b3 Nd7 10. Nc4 h6 11. Bb2 Qf6 12. Nfd2 g5 13. Nxd6+ cxd6 14. Ba3 Qe7
15. Nc4 Bxc4 16. dxc4 c5 17. Rb1 a5 18. Qd2 Nf8 19. Rbd1 Ra6 20. Bb2 Ng6 21. Bc3
O-O 22. Bxa5 Rfa8 23. Bc3 Rxa2 24. g3 Kh7 25. Rfe1 h5 26. Re3 g4 27. Rd3 R8a6
28. Kg2 Qd7 29. Rh1 Kg7 30. h3 Ra8 31. Rxd6 gxh3+ 32. Rxh3 Qg4 33. Rxg6+ Kxg6
34. Rh4 Qe6 35. f4 exf4 36. Rxf4 Qe7 37. Qe2 Rd8 38. Rf5 Rxc2 39. Qxc2 Rd6 40.
Qe2 f6 41. Qxh5+ Kg7 42. Rg5+ 1-0

[Event "Mondiale Lampo FIDE 2022"]
[Site "Alma Ata"]
[Date "30.12.2022"]
[Round "19.40"]
[White "Tin, Jingyao"]
[Black "Murzin, Volodar"]
[Result "0-1"]
[WhiteTitle ""]
[BlackTitle ""]
[WhiteElo "2562"]
[BlackElo "2561"]
[WhiteFideId "5804418"]
[BlackFideId "44155573"]
[EventDate "29.12.2022"]

1. d4 d5 2. c4 c6 3. Nf3 Nf6 4. Nc3 e6 5. Bg5 h6 6. Bh4 Nbd7 7. e3 Be7 8. Qc2
O-O 9. Rd1 Re8 10. a3 a6 11. cxd5 exd5 12. Bd3 Ne4 13. Bxe7 Qxe7 14. Bxe4 dxe4
15. Nd2 Nf6 16. O-O Bg4 17. Rc1 Rad8 18. Nc4 Nd5 19. b4 Nxc3 20. Qxc3 Rd5 21.
Ne5 Bh5 22. a4 Qg5 23. Kh1 f6 24. Nc4 Qh4 25. f4 exf3 26. gxf3 Qh3 27. e4 Rxd4
28. Rf2 Red8 29. Nb2 Kh8 30. Rg1 Rxe4 31. Rg3 Bxf3+ 32. Rfxf3 Qe6 33. Rf1 Re2
34. Nc4 Qe4+ 35. Rgf3 Rd4 36. Nd2 Rdxd2 0-1

[Event "Mondiale Lampo FIDE 2022"]
[Site "Alma Ata"]
[Date "30.12.2022"]
[Round "19.41"]
[White "Pranav, V"]
[Black "Donchenko, Alexander"]
[Result "1-0"]
[WhiteTitle ""]
[BlackTitle ""]
[WhiteElo "2545"]
[BlackElo "2636"]
[WhiteFideId "25060783"]
[BlackFideId "24603295"]
[EventDate "29.12.2022"]

1. e4 c6 2. d4 d5 3. e5 c5 4. dxc5 e6 5. Be3 Nh6 6. Nf3 Nf5 7. Bg5 Qc7 8. b4 Nc6
9. Bb5 a5 10. c3 h6 11. Bc1 Bd7 12. Bxc6 Bxc6 13. O-O b6 14. cxb6 Qxb6 15. bxa5
Rxa5 16. Nbd2 Ba4 17. Qe2 Bb5 18. c4 dxc4 19. Qe4 Qc7 20. a4 Bc5 21. Ba3 Bxa3
22. axb5 Ra4 23. Nb1 Qc5 24. Rxa3 Rxa3 25. Nxa3 O-O 26. Nxc4 Qxb5 27. Ne3 Ne7
28. h3 Ng6 29. Ra1 Qb8 30. h4 Rc8 31. Rb1 Qc7 32. Qb7 Qc3 33. Qe4 Qc7 34. g3 Qc3
35. Kg2 Qc5 36. Rb2 Qa5 37. Rb7 Qc3 38. h5 Nf8 39. Qf4 Rc7 40. Rxc7 Qxc7 41. Ng4
Qc6 42. Kg1 Nd7 43. Ne3 Qc1+ 44. Kh2 Qb2 45. Kg2 Qb7 46. Nc4 Qc7 47. Nd6 Nb6 48.
Qe4 Nd5 49. Qa4 Kh7 50. Qe4+ Kg8 51. Qa4 Kh7 52. Qe8 Qc2 53. Qxf7 Ne3+ 54. Kh3
Nd1 55. Qg6+ Kg8 56. Qxc2 1-0

[Event "Mondiale Lampo FIDE 2022"]
[Site "Alma Ata"]
[Date "30.12.2022"]
[Round "19.42"]
[White "Agmanov, Zhandos"]
[Black "Vallejo Pons, Francisco"]
[Result "0-1"]
[WhiteTitle ""]
[BlackTitle ""]
[WhiteElo "2442"]
[BlackElo "2716"]
[WhiteFideId "13708309"]
[BlackFideId "2205530"]
[EventDate "29.12.2022"]

1. d4 e6 2. c4 b6 3. Nc3 Bb4 4. e3 Bxc3+ 5. bxc3 Bb7 6. Nf3 f5 7. Bd3 Nf6 8. O-O
O-O 9. Qc2 Qe8 10. Nd2 d6 11. f3 Nbd7 12. Re1 Qh5 13. Nf1 Rae8 14. e4 fxe4 15.
fxe4 e5 16. Ng3 Qh4 17. Be3 Ng4 18. Nf1 Rxf1+ 19. Kxf1 Rf8+ 20. Ke2 Qxh2 21. Kd1
Nxe3+ 22. Rxe3 exd4 23. cxd4 Qg1+ 24. Re1 Qxd4 25. Rc1 Ne5 26. Qc3 Qxd3+ 0-1

[Event "Mondiale Lampo FIDE 2022"]
[Site "Alma Ata"]
[Date "30.12.2022"]
[Round "19.43"]
[White "Sjugirov, Sanan"]
[Black "Nesterov, Arseniy"]
[Result "1-0"]
[WhiteTitle ""]
[BlackTitle ""]
[WhiteElo "2712"]
[BlackElo "2573"]
[WhiteFideId "4189302"]
[BlackFideId "24198455"]
[EventDate "29.12.2022"]

1. e4 e5 2. Nf3 Nf6 3. Nxe5 d6 4. Nf3 Nxe4 5. Nc3 Nxc3 6. dxc3 Be7 7. Be3 O-O 8.
Qd2 Nd7 9. O-O-O Nf6 10. Bd3 c5 11. h4 Be6 12. Bg5 Qa5 13. a3 c4 14. Bxf6 Bxf6
15. Be4 d5 16. Bxh7+ Kxh7 17. Ng5+ Kg8 18. h5 d4 19. Ne4 dxc3 20. Qe3 cxb2+ 21.
Kb1 Bf5 22. Nxf6+ gxf6 23. Qf3 Rad8 24. g4 Bh7 25. Qxf6 Rxd1+ 26. Rxd1 Bxc2+ 27.
Kxc2 Qa4+ 28. Kxb2 c3+ 29. Kxc3 Rc8+ 30. Kd2 Rc2+ 31. Ke3 Qxa3+ 32. Rd3 Qc5+ 33.
Qd4 Qg5+ 34. Kf3 a5 35. Qd8+ Qxd8 36. Rxd8+ Kh7 37. Rd7 Rc3+ 38. Kf4 Rc4+ 39.
Kg3 b5 40. Rxf7+ Kg8 41. Ra7 a4 42. g5 Rc3+ 43. Kg4 a3 44. g6 b4 45. h6 Rc8 46.
Kg5 Rc5+ 47. Kg4 Rc8 48. h7+ Kh8 49. Kg5 b3 50. Kh6 1-0

[Event "Mondiale Lampo FIDE 2022"]
[Site "Alma Ata"]
[Date "30.12.2022"]
[Round "19.44"]
[White "Paravyan, David"]
[Black "Idani, Pouya"]
[Result "0-1"]
[WhiteTitle ""]
[BlackTitle ""]
[WhiteElo "2586"]
[BlackElo "2637"]
[WhiteFideId "4194985"]
[BlackFideId "12510130"]
[EventDate "29.12.2022"]

1. e4 c5 2. Nf3 d6 3. d4 cxd4 4. Nxd4 Nf6 5. Nc3 a6 6. Bg5 e6 7. f4 Be7 8. Qf3
Qc7 9. O-O-O Nbd7 10. g4 b5 11. Bxf6 Nxf6 12. g5 Nd7 13. f5 Bxg5+ 14. Kb1 Ne5
15. Qh5 h6 16. Nxe6 Bxe6 17. fxe6 g6 18. Nd5 Qxc2+ 19. Kxc2 Rc8+ 20. Kb1 gxh5
21. exf7+ Kxf7 22. h4 Be7 23. Be2 Ke6 24. Bxh5 Rc4 25. Nf4+ Kd7 26. Bg6 Rf8 27.
b3 Rxf4 28. bxc4 Nxc4 29. Rh2 Bxh4 30. Bf5+ Kc7 31. Be6 Rxe4 32. Bd5 Rf4 33. Rc2
Kd7 34. Rc3 Bf6 35. Rh3 Rf2 36. Bxc4 bxc4 37. Rxh6 Be5 38. Rh3 Rb2+ 39. Kc1 Rxa2
40. Re1 Kc6 41. Ree3 Bf4 42. Kb1 Bxe3 43. Kxa2 Bc5 44. Kb2 d5 45. Rh7 a5 46. Kc2
Bb4 47. Rh8 d4 48. Rc8+ Kb5 49. Rb8+ Ka4 50. Rc8 d3+ 51. Kb2 c3+ 52. Ka2 d2 53.
Rc4 Kb5 54. Rd4 c2 55. Kb3 d1=Q 0-1

[Event "Mondiale Lampo FIDE 2022"]
[Site "Alma Ata"]
[Date "30.12.2022"]
[Round "19.45"]
[White "Adly, Ahmed"]
[Black "Fedorov, Alexei"]
[Result "1-0"]
[WhiteTitle ""]
[BlackTitle ""]
[WhiteElo "2596"]
[BlackElo "2475"]
[WhiteFideId "10601619"]
[BlackFideId "13500465"]
[EventDate "29.12.2022"]

1. d4 c5 2. d5 d6 3. Nc3 Nf6 4. e4 g6 5. Bb5+ Bd7 6. a4 Bg7 7. Nf3 O-O 8. h3
Bxb5 9. axb5 Nbd7 10. O-O Ne8 11. Bf4 Nc7 12. Qd3 Nb6 13. Rfd1 Qd7 14. Ra5 a6
15. bxa6 Rxa6 16. Rxa6 Nxa6 17. e5 Nb4 18. Qe4 dxe5 19. Bxe5 Bxe5 20. Nxe5 Qf5
21. d6 exd6 22. Qxf5 gxf5 23. Rxd6 Nc8 24. Rd2 Re8 25. Nd7 Re1+ 26. Kh2 b6 27.
Nxc5 bxc5 28. Rd8+ Kg7 29. Rxc8 Rc1 30. Rxc5 Rxc2 31. Rxf5 Rxb2 32. Ne4 Nd3 33.
Kg3 Rb6 34. h4 Rg6+ 35. Kh2 Re6 36. Rg5+ Kf8 37. f3 h6 38. Rd5 Nf4 39. Rf5 Ng6
40. Kg3 Kg7 41. Ra5 Re7 42. Nd6 Rd7 43. Ne8+ Kf8 44. Nf6 Rd8 45. Ng4 Kg7 46. Rh5
Rh8 47. Ne3 Ne7 48. Kf2 Kg6 49. Re5 Ng8 50. Ra5 Ne7 51. Ra7 Nc8 52. Ra6+ Kh7 53.
Nf5 h5 54. Ke3 Re8+ 55. Kf4 Re6 56. Rxe6 fxe6 57. Nd4 Ne7 58. Nxe6 Kg6 59. Ke4
Ng8 60. Nf4+ Kh6 61. Nd5 Kg6 62. Ke5 Nh6 63. Nf4+ 1-0

[Event "Mondiale Lampo FIDE 2022"]
[Site "Alma Ata"]
[Date "30.12.2022"]
[Round "19.46"]
[White "Ghaem Maghami, Ehsan"]
[Black "Urazayev, Arystanbek"]
[Result "1-0"]
[WhiteTitle ""]
[BlackTitle ""]
[WhiteElo "2490"]
[BlackElo "2465"]
[WhiteFideId "12500739"]
[BlackFideId "13709810"]
[EventDate "29.12.2022"]

1. c4 e6 2. g3 d5 3. Bg2 Nf6 4. Nf3 Be7 5. d4 O-O 6. Qc2 c6 7. O-O b6 8. Nbd2 c5
9. dxc5 bxc5 10. e4 Nc6 11. a3 Bb7 12. exd5 exd5 13. cxd5 Nxd5 14. Rd1 Nd4 15.
Nxd4 cxd4 16. Qb3 Rb8 17. Qd3 Qc7 18. Nf3 Rfd8 19. Bg5 Bxg5 20. Nxg5 Nf6 21.
Bxb7 Qxb7 22. b4 Rbc8 23. Rac1 Rxc1 24. Rxc1 h6 25. Nf3 Ne4 26. Rc4 Re8 27. Rxd4
Ng5 28. Kg2 Ne6 29. Rd7 Qb6 30. Qf5 Rf8 31. h4 Qc6 32. Qd5 Qa4 33. Ne5 Kh7 34.
Nxf7 Re8 35. Qf5+ Kg8 36. Nxh6+ Kh8 37. Nf7+ Kg8 38. Ne5 Nd8 39. Qg6 Rf8 40.
Qxg7# 1-0

[Event "Mondiale Lampo FIDE 2022"]
[Site "Alma Ata"]
[Date "30.12.2022"]
[Round "19.50"]
[White "Hambleton, Aman"]
[Black "Kadric, Denis"]
[Result "1/2-1/2"]
[WhiteTitle ""]
[BlackTitle ""]
[WhiteElo "2437"]
[BlackElo "2584"]
[WhiteFideId "2606577"]
[BlackFideId "14403803"]
[EventDate "29.12.2022"]

1. d4 d6 2. e4 Nf6 3. f3 e5 4. dxe5 dxe5 5. Qxd8+ Kxd8 6. Bc4 Ke8 7. Be3 a5 8.
a4 Na6 9. Nd2 Bc5 10. Nf1 Nd7 11. Ne2 Nb4 12. O-O-O Bxe3+ 13. Nxe3 Nc5 14. Nd5
Nxd5 15. Rxd5 Nd7 16. Rhd1 Ke7 17. b3 f6 18. R5d2 Nb6 19. Bd3 Be6 20. Nc3 c6 21.
Bf1 g5 22. Re1 Nd7 23. Nd1 Rhb8 24. Ne3 b5 25. axb5 cxb5 26. Red1 Ra7 27. Kb2 a4
28. g3 b4 29. bxa4 Nc5 30. Bb5 Nxa4+ 31. Bxa4 Rxa4 32. Nd5+ Kf7 33. Rd3 Rba8 34.
Rb1 Bxd5 35. Rxd5 Ra2+ 36. Kc1 Rc8 37. Rd2 Ra3 38. Rxb4 Rxf3 39. Rb7+ Kg6 40. g4
Rf4 41. h3 Rxe4 42. Rdd7 Rh8 43. Rg7+ Kh6 44. Rgf7 Rf4 45. Kd2 Rf3 46. Ke2 Rf4
47. c4 Kg6 48. Rg7+ Kh6 49. Rgf7 Kg6 50. c5 h5 51. Rg7+ Kh6 52. Rgf7 hxg4 53.
hxg4 Rxg4 54. Rxf6+ Kh5 55. c6 Rc4 56. Kd3 Rd4+ 57. Ke3 Rc8 58. Rg7 Rc4 59. Rfg6
R4xc6 60. Rxg5+ Kh6 61. Rg1 Rc3+ 62. Ke4 R3c4+ 63. Kxe5 1/2-1/2

[Event "Mondiale Lampo FIDE 2022"]
[Site "Alma Ata"]
[Date "30.12.2022"]
[Round "19.51"]
[White "Sargissian, Gabriel"]
[Black "Brunello, Sabino"]
[Result "1-0"]
[WhiteTitle ""]
[BlackTitle ""]
[WhiteElo "2699"]
[BlackElo "2519"]
[WhiteFideId "13300881"]
[BlackFideId "813613"]
[EventDate "29.12.2022"]

1. d4 d5 2. c4 c6 3. Nf3 Nf6 4. Qb3 dxc4 5. Qxc4 Bf5 6. g3 e6 7. Bg2 Nbd7 8. O-O
Be7 9. Nbd2 O-O 10. Qb3 Qb6 11. Nc4 Qa6 12. Bf4 Rfd8 13. Bd6 Bf8 14. Bxf8 Nxf8
15. e3 Rac8 16. Rfd1 Be4 17. Nfe5 Bxg2 18. Kxg2 Ng6 19. Nd3 b6 20. Rac1 Qb7 21.
Kg1 h5 22. Nce5 Nxe5 23. Nxe5 c5 24. dxc5 Rxd1+ 25. Qxd1 bxc5 26. Nc4 h4 1-0

[Event "Mondiale Lampo FIDE 2022"]
[Site "Alma Ata"]
[Date "30.12.2022"]
[Round "19.52"]
[White "Asadli, Vugar"]
[Black "Kovalev, Vladislav"]
[Result "0-1"]
[WhiteTitle ""]
[BlackTitle ""]
[WhiteElo "2567"]
[BlackElo "2623"]
[WhiteFideId "13405764"]
[BlackFideId "13504398"]
[EventDate "29.12.2022"]

1. d4 Nf6 2. Nf3 e6 3. c3 c5 4. Bf4 d5 5. e3 Nc6 6. Nbd2 cxd4 7. exd4 Nh5 8. Be3
Bd6 9. g3 g6 10. Bg2 Ng7 11. O-O Nf5 12. Re1 O-O 13. c4 Nxe3 14. fxe3 b6 15. Rc1
Bb7 16. a3 Qe7 17. b4 dxc4 18. Nxc4 Rac8 19. Nfd2 Bb8 20. Rf1 Rfd8 21. Qa4 Kg7
22. b5 Na5 23. Nxa5 bxa5 24. Bc6 Bxc6 25. bxc6 e5 26. Nf3 exd4 27. exd4 Bc7 28.
Qc4 f6 29. d5 Qxa3 30. Kg2 Bb6 31. Rfe1 Qd6 32. Rcd1 Re8 33. Qf4 Qc5 34. Rxe8
Rxe8 35. Nd4 Qxd5+ 36. Qf3 Qxf3+ 37. Nxf3 Rc8 38. Rd7+ Kg8 39. Nd2 Rxc6 40. Ne4
a4 41. g4 a3 42. Rd2 Kf7 43. h4 Ke6 44. Kf3 Rc4 45. Ra2 Ra4 46. Nc3 Ra5 47. Re2+
Kf7 48. Ra2 Bd4 49. Ne4 Bb2 50. Nf2 Rd5 51. Ke4 Rd2 52. Nd3 Rxd3 0-1

[Event "Mondiale Lampo FIDE 2022"]
[Site "Alma Ata"]
[Date "30.12.2022"]
[Round "19.53"]
[White "Tari, Aryan"]
[Black "Svane, Frederik"]
[Result "1-0"]
[WhiteTitle ""]
[BlackTitle ""]
[WhiteElo "2659"]
[BlackElo "2568"]
[WhiteFideId "1510045"]
[BlackFideId "12923044"]
[EventDate "29.12.2022"]

1. e4 c5 2. Nc3 e6 3. d4 cxd4 4. Qxd4 Nc6 5. Qd3 a6 6. Nf3 d6 7. Bf4 e5 8. Bg5
Qa5 9. a3 Be6 10. O-O-O h6 11. Bd2 Nf6 12. Nd5 Qd8 13. Be3 Rc8 14. Bb6 Qd7 15.
Nxf6+ gxf6 16. Nh4 Rg8 17. g3 Ne7 18. Bg2 Rc6 19. Be3 Ng6 20. Nf5 h5 21. h4 Rh8
22. Kb1 Kd8 23. Rd2 Kc8 24. b3 Bxf5 25. exf5 Ne7 26. Bxc6 Qxc6 27. Qxd6 Qxh1+
28. Rd1 Nd5 29. Qxd5 Qxd5 30. Rxd5 Bxa3 31. c3 Be7 32. Kc2 Kc7 33. Kd3 Kc6 34.
Ke4 Rg8 35. Rd1 Rg4+ 36. Kf3 b5 37. Ra1 Kb7 38. Rd1 Kc6 39. Ra1 Kb7 40. Ke2 Rg8
41. Kd3 Rd8+ 42. Ke4 Rc8 43. Bd2 Rd8 44. Ra2 Rg8 45. Be3 Rc8 46. Bd2 Rg8 47. b4
Rg4+ 48. Kd5 Rg8 49. Be3 Rd8+ 50. Ke4 Rc8 51. Bd2 Rc4+ 52. Kd5 Rc8 53. f3 Rg8
54. Be1 Rd8+ 55. Ke4 Rg8 56. Rg2 Bd8 57. g4 a5 58. bxa5 Bxa5 59. g5 Kc6 60. g6
Rf8 61. Bd2 fxg6 62. fxg6 Kd7 63. Kf5 Ke7 64. Be3 Rc8 65. Ra2 Bc7 66. Bc5+ Kd7
67. Kxf6 Kc6 68. Be7 Kd5 69. Rd2+ Kc4 70. g7 Kxc3 71. Rg2 b4 72. Bxb4+ Kxb4 73.
g8=Q 1-0

[Event "Mondiale Lampo FIDE 2022"]
[Site "Alma Ata"]
[Date "30.12.2022"]
[Round "19.54"]
[White "Dragnev, Valentin"]
[Black "Muradli, Mahammad"]
[Result "0-1"]
[WhiteTitle ""]
[BlackTitle ""]
[WhiteElo "2556"]
[BlackElo "2540"]
[WhiteFideId "1634852"]
[BlackFideId "13409301"]
[EventDate "29.12.2022"]

1. e4 c5 2. Nc3 d6 3. Bb5+ Bd7 4. Bxd7+ Qxd7 5. d4 cxd4 6. Qxd4 Nc6 7. Qd3 g6 8.
Nf3 Bg7 9. O-O Nf6 10. Bg5 O-O 11. Nd5 Ng4 12. h3 Nge5 13. Nxe5 Nxe5 14. Qb3
Rfe8 15. Rad1 Rac8 16. c3 Nc4 17. Rfe1 Rc6 18. Re2 a6 19. Kh1 b5 20. f4 Rc5 21.
f5 e6 22. fxe6 Rxe6 23. Qc2 Qb7 24. Qd3 Rc8 25. Rf1 h6 26. Bf6 Rce8 27. Bxg7
Kxg7 28. Qd4+ Ne5 29. Ref2 Rf8 30. Nf4 Ree8 31. Nd5 Re6 32. Qe3 Qd7 33. Qg3 Qd8
34. Nf4 Ree8 35. Nh5+ Kh8 36. Nf6 Re6 37. Qf4 Kg7 38. Qg3 a5 39. Nh5+ Kh8 40.
Nf4 Rf6 41. Nd5 Rxf2 42. Rxf2 Kg7 43. Nf6 Qe7 44. b3 a4 45. Nd5 Qg5 46. Kh2 axb3
47. axb3 Ra8 48. Nc7 Ra3 49. Nxb5 Rxb3 50. Nxd6 Qxg3+ 51. Kxg3 Rxc3+ 52. Kh2 Rc6
53. Nb5 Rc4 54. Nd6 Rd4 55. Ne8+ Kf8 56. Nf6 h5 57. g4 h4 58. g5 Rd3 59. Ra2
Nf3+ 60. Kg2 Nxg5 61. e5 Ke7 62. Ra6 Rd2+ 63. Kf1 Nxh3 64. Ng8+ Kf8 65. Nf6 Kg7
66. Ra7 Rf2+ 67. Ke1 Rf5 68. Re7 Nf4 69. Kd2 h3 70. Re8 Nh5 71. Rg8+ Kh6 72.
Ng4+ Kg5 73. Ne3 h2 74. Nxf5 Kxf5 75. e6 h1=Q 76. exf7 Qd5+ 0-1

[Event "Mondiale Lampo FIDE 2022"]
[Site "Alma Ata"]
[Date "30.12.2022"]
[Round "19.55"]
[White "Cheng, Bobby"]
[Black "Ghasi, Ameet K"]
[Result "1-0"]
[WhiteTitle ""]
[BlackTitle ""]
[WhiteElo "2583"]
[BlackElo "2471"]
[WhiteFideId "4300033"]
[BlackFideId "409200"]
[EventDate "29.12.2022"]

1. d4 Nf6 2. c4 g6 3. Nc3 Bg7 4. e4 d6 5. h3 Nbd7 6. Nf3 e5 7. Bd3 O-O 8. O-O a5
9. Be3 Re8 10. Re1 Nh5 11. Bc2 c6 12. Qd2 Qe7 13. Rad1 exd4 14. Nxd4 Ne5 15. b3
Nd7 16. Nf3 Ne5 17. Nd4 Nd7 18. f4 Nhf6 19. Nf3 Bf8 20. Bf2 Nh5 21. g4 Ng7 22.
Bh4 f6 23. e5 dxe5 24. fxe5 Qc5+ 25. Bf2 Qb4 26. exf6 Nxf6 27. Rxe8 Nfxe8 28.
Re1 Bc5 29. Ng5 Bxf2+ 30. Qxf2 Qf8 31. Qxf8+ Kxf8 32. Nxh7+ Kf7 33. Ng5+ Kg8 34.
Bxg6 Nf6 35. Nce4 Nxe4 36. Nxe4 Be6 37. Nf6+ 1-0

[Event "Mondiale Lampo FIDE 2022"]
[Site "Alma Ata"]
[Date "30.12.2022"]
[Round "19.56"]
[White "Daneshvar, Bardiya"]
[Black "Munkhgal, Gombosuren"]
[Result "1-0"]
[WhiteTitle ""]
[BlackTitle ""]
[WhiteElo "2500"]
[BlackElo "2463"]
[WhiteFideId "12576468"]
[BlackFideId "4901266"]
[EventDate "29.12.2022"]

1. Nf3 d5 2. g3 Nf6 3. Bg2 Bf5 4. O-O e6 5. d3 Be7 6. c4 c6 7. Qb3 Qc8 8. Nc3 h6
9. cxd5 exd5 10. Bf4 Nbd7 11. Rac1 O-O 12. Nd4 Bg6 13. Bh3 Nc5 14. Bxc8 Nxb3 15.
Bxb7 Nxd4 16. Bxa8 Rxa8 17. Be5 Ne6 18. Bxf6 Bxf6 19. Na4 Rc8 20. b3 Nd4 21.
Rfe1 Bh5 22. Kf1 Re8 23. Nc3 Bg5 24. f4 Be7 25. e3 Nf5 26. Kf2 Ba3 27. Rc2 Bb4
28. a3 Bxa3 29. Na2 c5 30. h3 Nd6 31. Nc3 Bg6 32. Nxd5 Bxd3 33. Ra2 Bb4 34. Rd1
Ne4+ 35. Kf3 Bb5 36. Rxa7 Bc6 37. Rc7 Bxd5 38. Rxd5 Nd2+ 39. Ke2 Nxb3 40. Kd3
Nc1+ 41. Kc2 Ne2 42. Rdd7 Rf8 43. g4 Ng3 44. Kd3 Ba3 45. e4 Bc1 46. f5 Bb2 47.
Ke3 Nf1+ 48. Kf2 Nh2 49. Rxc5 Ba1 50. Kg2 Nxg4 51. hxg4 Bb2 52. Rcc7 Be5 53. Rb7
Bf6 54. Kf3 Be5 55. Ke3 Ba1 56. Kf4 Bf6 57. e5 Bg5+ 58. Ke4 Bc1 59. e6 Bg5 1-0

[Event "Mondiale Lampo FIDE 2022"]
[Site "Alma Ata"]
[Date "30.12.2022"]
[Round "19.57"]
[White "Zverev, Lev"]
[Black "Durarbayli, Vasif"]
[Result "0-1"]
[WhiteTitle ""]
[BlackTitle ""]
[WhiteElo "2310"]
[BlackElo "2612"]
[WhiteFideId "24250775"]
[BlackFideId "13402935"]
[EventDate "29.12.2022"]

1. e4 e5 2. Nf3 Nc6 3. Bc4 Nf6 4. d3 Bc5 5. O-O d6 6. c3 a6 7. Bb3 O-O 8. h3 h6
9. Re1 Re8 10. Nbd2 Be6 11. Bc2 d5 12. exd5 Bxd5 13. Nf1 Qd7 14. Be3 Bf8 15. Ng3
Rad8 16. Nd2 Be6 17. Nde4 Nd5 18. Nc5 Nxe3 19. Nxd7 Nxd1 20. Nxf8 Nxb2 21. Nxe6
Rxe6 22. Re3 b5 23. Rb1 Na4 24. Bxa4 bxa4 25. Ne4 Rd5 26. c4 Ra5 27. Rb7 Re7 28.
Nc3 a3 29. Nd5 Rd7 30. Re1 Rc5 31. Reb1 a5 32. R1b3 e4 33. dxe4 Rxc4 34. f3 Nb4
35. Nxb4 axb4 36. Rb8+ Kh7 37. R8xb4 Rc2 38. Rxa3 Rdd2 39. Rb1 Rxg2+ 40. Kh1
Rh2+ 41. Kg1 Rxh3 42. Rf1 Rhh2 43. Rd1 h5 44. Ra5 h4 45. e5 h3 0-1

[Event "Mondiale Lampo FIDE 2022"]
[Site "Alma Ata"]
[Date "30.12.2022"]
[Round "19.58"]
[White "Batsuren, Dambasuren"]
[Black "Ivic, Velimir"]
[Result "1-0"]
[WhiteTitle ""]
[BlackTitle ""]
[WhiteElo "2525"]
[BlackElo "2572"]
[WhiteFideId "4902920"]
[BlackFideId "950122"]
[EventDate "29.12.2022"]

1. d4 Nf6 2. c4 g6 3. Nc3 Bg7 4. Nf3 O-O 5. g3 d6 6. Bg2 Nbd7 7. O-O e5 8. e4
exd4 9. Nxd4 Nc5 10. f3 a5 11. b3 c6 12. Be3 Nfd7 13. Qc2 Ne5 14. Rad1 Qe7 15.
Rfe1 a4 16. Nxa4 Nxa4 17. bxa4 Nd7 18. Nb3 c5 19. f4 Re8 20. Bf2 Ra6 21. a5 Qf8
22. Rd2 h5 23. Red1 Nf6 24. e5 Bf5 25. exf6 Bxc2 26. fxg7 Qxg7 27. Rxc2 Re7 28.
Rcd2 Qf6 29. h4 Kh7 30. Bf3 Kg8 31. Kg2 Kh7 32. Re1 Rxe1 33. Bxe1 Qe7 34. Bf2
Ra8 35. Re2 Qd7 36. Bd5 Rf8 37. Be1 Re8 38. Rxe8 Qxe8 39. Bf2 Qe7 40. Kf3 Kg7
41. Be3 Kf8 42. Nd2 Qc7 43. Ne4 Ke7 44. Bd2 Qc8 45. Nf2 f6 46. Bc3 g5 47. hxg5
fxg5 48. fxg5 Qf5+ 49. Ke2 Qc2+ 50. Bd2 Qxa2 51. Ne4 Qb2 52. Kd3 Qb1+ 53. Ke2
Qc2 54. g6 Qb2 55. Kd3 Qg7 56. Bxb7 Qxg6 57. a6 d5 58. cxd5 c4+ 59. Kd4 Kd7 60.
Nc5+ Kc7 61. Bf4+ Kb6 62. Nd7+ Kb5 63. a7 Qg7+ 64. Ke4 Qh7+ 65. Ke5 Qe7+ 66. Kd4
Qg7+ 67. Ke3 Qc3+ 68. Ke4 Qd3+ 69. Ke5 Qc3+ 70. Kd6 Qa3+ 71. Ke6 Qxa7 72. Bc6+
Ka6 73. d6 c3 74. Be4 Qd4 75. Nf6 Qc4+ 76. Ke7 Qc5 77. Bd3+ Ka5 78. Bc2 Kb4 79.
Ke6 Qc4+ 80. Kf5 Qc5+ 81. Ke6 Qc4+ 82. Ke7 Qe2+ 83. Be4 c2 84. d7 1-0

[Event "Mondiale Lampo FIDE 2022"]
[Site "Alma Ata"]
[Date "30.12.2022"]
[Round "19.59"]
[White "Tomashevsky, Evgeny"]
[Black "Khusnutdinov, Rustam"]
[Result "1-0"]
[WhiteTitle ""]
[BlackTitle ""]
[WhiteElo "2694"]
[BlackElo "2441"]
[WhiteFideId "4147235"]
[BlackFideId "13701703"]
[EventDate "29.12.2022"]

1. c4 b6 2. Nc3 Bb7 3. e4 e5 4. Nf3 Nc6 5. d4 exd4 6. Nxd4 Bb4 7. Nxc6 Bxc6 8.
Bd3 Bxc3+ 9. bxc3 Ne7 10. O-O O-O 11. f4 f5 12. e5 d6 13. Ba3 Ng6 14. exd6 cxd6
15. Rf2 Qh4 16. Qd2 Rad8 17. Re1 Rf7 18. Bf1 h6 19. Re6 Nf8 20. Rxd6 Rfd7 21.
Rxd7 Rxd7 22. Qe2 Qf6 23. Qe5 Qxe5 24. fxe5 Be4 25. c5 bxc5 1-0